<?xml version="1.0" encoding="UTF-8"?>
<record
    xmlns:xsi="http://www.w3.org/2001/XMLSchema-instance"
    xsi:schemaLocation="http://www.loc.gov/MARC21/slim http://www.loc.gov/standards/marcxml/schema/MARC21slim.xsd"
    xmlns="http://www.loc.gov/MARC21/slim">

  <leader>00847naa a2200205 a 4500</leader>
  <controlfield tag="001">81194</controlfield>
  <controlfield tag="003">BD-RjUL</controlfield>
  <controlfield tag="005">20230208123411.0</controlfield>
  <controlfield tag="008">230208s1914    pk ||||| |||| 00| 0 urd d</controlfield>
  <datafield tag="035" ind1=" " ind2=" ">
    <subfield code="a">(BD-RjUL)81194</subfield>
  </datafield>
  <datafield tag="040" ind1=" " ind2=" ">
    <subfield code="a">BD-RjUL</subfield>
    <subfield code="b">eng</subfield>
    <subfield code="c">BD-RjUL</subfield>
  </datafield>
  <datafield tag="041" ind1=" " ind2=" ">
    <subfield code="a">urd</subfield>
  </datafield>
  <datafield tag="082" ind1=" " ind2=" ">
    <subfield code="2">23</subfield>
    <subfield code="a">953.02092</subfield>
    <subfield code="b">ALS 1914</subfield>
  </datafield>
  <datafield tag="100" ind1=" " ind2=" ">
    <subfield code="a">&#x639;&#x644;&#x64A; &#x67E;&#x648;&#x631;&#x64A;, &#x641;&#x642;&#x64A;&#x631; &#x645;&#x62D;&#x645;&#x62F; &#x628;&#x634;&#x64A;&#x631; &#x635;&#x62F;&#x64A;&#x642;&#x64A; Ali Puri, Faqir Muhammad Bashir Siddiqui</subfield>
    <subfield code="9">6905</subfield>
  </datafield>
  <datafield tag="245" ind1="1" ind2="0">
    <subfield code="a"> &#x633;&#x64A;&#x631;&#x629; &#x627;&#x644;&#x635;&#x62F;&#x64A;&#x642; &#x64A;&#x639;&#x646;&#x64A; &#x62D;&#x636;&#x631;&#x62A; &#x627;&#x628;&#x648; &#x628;&#x643;&#x631; &#x635;&#x62F;&#x64A;&#x642; &#x631;&#x636;&#x64A; &#x643;&#x64A; &#x633;&#x648;&#x646;&#x62E; &#x639;&#x645;&#x631;&#x64A;    sirat alsidiyq yaeni hadart abw bakr sidiyq radi ky sunikh eumri /</subfield>
    <subfield code="c">Faqir Muhammad Bashir Siddiqui Ali Puri  &#x641;&#x642;&#x64A;&#x631; &#x645;&#x62D;&#x645;&#x62F; &#x628;&#x634;&#x64A;&#x631; &#x635;&#x62F;&#x64A;&#x642;&#x64A; &#x639;&#x644;&#x64A; &#x67E;&#x648;&#x631;&#x64A;</subfield>
  </datafield>
  <datafield tag="300" ind1=" " ind2=" ">
    <subfield code="a">50 p. ;</subfield>
    <subfield code="c">23 cm</subfield>
  </datafield>
  <datafield tag="600" ind1=" " ind2=" ">
    <subfield code="a">&#x62D;&#x636;&#x631;&#x62A; &#x627;&#x628;&#x648; &#x628;&#x643;&#x631; &#x635;&#x62F;&#x64A;&#x642; &#x631;&#x636;</subfield>
    <subfield code="9">6906</subfield>
  </datafield>
  <datafield tag="650" ind1=" " ind2=" ">
    <subfield code="a">Calif</subfield>
    <subfield code="v">Islam</subfield>
    <subfield code="9">6907</subfield>
  </datafield>
  <datafield tag="942" ind1=" " ind2=" ">
    <subfield code="2">ddc</subfield>
    <subfield code="c">BK</subfield>
  </datafield>
  <datafield tag="999" ind1=" " ind2=" ">
    <subfield code="c">81194</subfield>
    <subfield code="d">81194</subfield>
  </datafield>
  <datafield tag="952" ind1=" " ind2=" ">
    <subfield code="0">0</subfield>
    <subfield code="1">0</subfield>
    <subfield code="2">ddc</subfield>
    <subfield code="4">0</subfield>
    <subfield code="7">1</subfield>
    <subfield code="8">NFIC</subfield>
    <subfield code="a">RUCL</subfield>
    <subfield code="b">RUCL</subfield>
    <subfield code="c">Reading</subfield>
    <subfield code="d">2023-02-08</subfield>
    <subfield code="l">0</subfield>
    <subfield code="o">U 953.02092 ALS 1914 </subfield>
    <subfield code="r">2023-02-08 00:00:00</subfield>
    <subfield code="t">C-1</subfield>
    <subfield code="w">2023-02-08</subfield>
    <subfield code="y">BK</subfield>
  </datafield>
</record>
